000 00731nam a22002057a 4500
999 _c21557
_d21557
003 AR-CdUCM
008 190312b ||||| |||| 00| 0 spa d
020 _a9788497561570
040 _aMUNICIPALIDAD PROVINCIAL DEL CUSCO
_cBIBLIOTECA MUNICIPAL DEL CUSCO
082 _a150.195/K76
_bK76
100 _aKorman, Víctor
_945350
245 _aEl espacio psicoanalítico :
_bFreud - Lacan - Möbius /
_cVíctor Korman
260 _aMadrid :
_bSíntesis,
_c2004.
300 _a399 páginas. :
_c21x15 cm.
500 _zIncluye bibliografías.
650 _aPsicoanálisis-- -Estudio y enseñanza (Educación superior)
_945347
650 _aPsicoanálisis-- -Ensayos, conferencias, etc.
_945348
942 _2ddc
_cLIBROS
945 _aRoel